Conducta prosocial: evaluación e intervención

Saved in:
Bibliografiske detaljer
Hovedforfatter: González Portal, María Dolores (Author)
Format: Bog
Sprog:spansk
Udgivet: Madrid Morata 1995
Udgivelse:2a. ed
Serier:Psicología. Manuales
Fag:
Tags: Tilføj Tag
Ingen Tags, Vær først til at tagge denne postø!

MARC

LEADER 00000nam a2200000 a 4500
001 UCL8868
003 CL-VaPUC
008 040709e19950000SP |||||||||||||||||spa|d
020 |a 8471123665 
082 0 4 |a 302.17  |b GON  |2 21 
100 |a González Portal, María Dolores  |e author  |9 486812 
245 1 0 |a Conducta prosocial: evaluación e intervención 
250 |a 2a. ed 
300 |a 159 p 
942 |c BK 
945 |d 20040709 00:00:00  |a cmena 
260 |a Madrid  |b Morata  |c 1995 
650 0 |a Psicología social   |9 222894 
650 7 |a COMPORTAMIENTO ANTISOCIAL  |2 CL-VaPUC  |9 311364 
650 7 |a PSICOTERAPIA  |2 CL-VaPUC  |9 486813 
650 0 |a Psicología clínica  |9 307259 
650 0 |a Trastornos del comportamiento  |9 311363 
583 |a last modification  |c 20040709 00:00:00  |k Rodrigo Vera 
490 0 |a Psicología. Manuales 
999 |c 309963  |d 309961 
952 |0 0  |1 0  |4 0  |6 302_170000000000000_GON_1995  |7 0  |8 A  |9 377852  |a BIBGIM  |b BIBGIM  |d 2019-11-21  |i 4035836  |o 302.17 GON 1995  |p 4035836  |r 2025-01-15  |w 2019-11-21  |y BK  |k SSL